Quality Evaluation of Audio and Video Signals in Videoconferences

Príspevok popisuje nový proces hodnotenia kvality zvukových a obrazových signálov. Predstavenie a vyhodnotenie výsledkov testovania kvality videosekvencií s dôrazom na sémantiku, ktorá má výrazný vplyv pre citlivosť divákov na kvalitu videosekvencií.

Salvato in:
Dettagli Bibliografici
Autore principale: Filanová, Jana, 1967-
Altri autori: Ondrášová, Iveta, Töröková, Anikó, 1963-
Natura: Capitolo di libro
Lingua:inglese
Soggetti:
Tags: Aggiungi Tag
Nessun Tag, puoi essere il primo ad aggiungerne!!

MARC

LEADER 00000naa a2200000 4500
001 0269398
005 20240604130014.9
041 0 |a eng 
044 |a HU 
245 1 0 |a Quality Evaluation of Audio and Video Signals in Videoconferences  |c Jana Filanová, Iveta Ondrášová, Anikó Töröková 
520 |a Príspevok popisuje nový proces hodnotenia kvality zvukových a obrazových signálov. Predstavenie a vyhodnotenie výsledkov testovania kvality videosekvencií s dôrazom na sémantiku, ktorá má výrazný vplyv pre citlivosť divákov na kvalitu videosekvencií. 
610 2 0 |a konferencie elektronické 
610 2 0 |a realita virtuálna 
610 2 0 |a sémantika 
610 2 0 |a komunikácia 
610 2 0 |a prenos dát diaľkový 
610 2 0 |a hodnotenie kvality 
100 1 |a Filanová, Jana, 1967- 
700 1 |a Ondrášová, Iveta 
700 1 |a Töröková, Anikó, 1963-